000 00936nam a2200229Ia 4500
999 _c37412
_d37412
001 3371
003 GE_BSU
005 20190604171215.0
008 181216s1979||||ge |||||||||||||| ||geo||
040 _cGE_BSU
041 _ageo
080 _a531.01(075.8) გ–69
100 _aგორგიძე, ა.
_91282
245 _aთეორიული მექანიკის მოკლე კურსი : სახელმძღვ. /
_cა. გორგიძე ; ა. შარანგია ; რედ : პ.ლაბარტყავა.
264 _aთბილისი :
_bგანათლება,
_c1979.
300 _a208 გვ .:
_c22 სმ.
653 _aთეორიული მექანიკა
653 _aფიზიკა
700 _aშარანგია, ა
_91283
700 _aლაბარტყავა, პ
_eრედაქტორი
_9523
942 _cBK
_2udc